Neue Brunnen in Heidelberg

Saved in:
Bibliographic Details
Main Author: Riedl, Peter Anselm (Author)
Format: Chapter/Article
Language:German
Published: 1996
In: Heidelberger Altstadtbrunnen
Year: 1996, Pages: 96-107
Online Access: Get full text
Author Notes:Peter Anselm Riedl

MARC

LEADER 00000caa a2200000 c 4500
001 1925659984
003 DE-627
005 20250717013741.0
007 tu
008 250514s1996 xx ||||| 00| ||ger c
035 |a (DE-627)1925659984 
035 |a (DE-599)KXP1925659984 
035 |a (OCoLC)1528045227 
040 |a DE-627  |b ger  |c DE-627  |e rda 
041 |a ger 
084 |a 46  |2 sdnb 
100 1 |a Riedl, Peter Anselm  |d 1930-2016  |e VerfasserIn  |0 (DE-588)119110962  |0 (DE-627)079904335  |0 (DE-576)162726848  |4 aut 
245 1 0 |a Neue Brunnen in Heidelberg  |c Peter Anselm Riedl 
264 1 |c 1996 
300 |a 12 
336 |a Text  |b txt  |2 rdacontent 
337 |a ohne Hilfsmittel zu benutzen  |b n  |2 rdamedia 
338 |a Band  |b nc  |2 rdacarrier 
773 0 8 |i Enthalten in  |t Heidelberger Altstadtbrunnen  |d Heidelberg : Guderjahn, 1996  |g (1996), Seite 96-107  |h 109 S.  |w (DE-627)1613020481  |w (DE-576)05747656X  |z 3924973555  |7 nnam  |a Neue Brunnen in Heidelberg 
773 1 8 |g year:1996  |g pages:96-107  |g extent:12  |a Neue Brunnen in Heidelberg 
951 |a AR 
992 |a 20250514 
993 |a BookComponentPart 
994 |a 1996 
998 |g 119110962  |a Riedl, Peter Anselm  |m 119110962:Riedl, Peter Anselm  |d 70000  |d 72000  |d 72040  |e 70000PR119110962  |e 72000PR119110962  |e 72040PR119110962  |k 0/70000/  |k 1/70000/72000/  |k 2/70000/72000/72040/  |p 1  |x j  |y j 
999 |a KXP-PPN1925659984  |e 4724402032 
BIB |a Y 
JSO |a {"origin":[{"dateIssuedDisp":"1996","dateIssuedKey":"1996"}],"type":{"bibl":"chapter"},"language":["ger"],"title":[{"title_sort":"Neue Brunnen in Heidelberg","title":"Neue Brunnen in Heidelberg"}],"recId":"1925659984","id":{"eki":["1925659984"]},"name":{"displayForm":["Peter Anselm Riedl"]},"physDesc":[{"extent":"12 S."}],"relHost":[{"id":{"isbn":["3924973555"],"eki":["1613020481"]},"recId":"1613020481","title":[{"title_sort":"Heidelberger Altstadtbrunnen","title":"Heidelberger Altstadtbrunnen"}],"relMultPart":[{"id":{"zdb":["2278858-X"],"eki":["527830062"]},"recId":"527830062","title":[{"title":"Schriftenreihe des Stadtarchivs Heidelberg","title_sort":"Schriftenreihe des Stadtarchivs Heidelberg"}],"part":{"number_sort":["7"],"number":["7"]},"language":["ger"],"disp":"Schriftenreihe des Stadtarchivs Heidelberg","origin":[{"dateIssuedKey":"1993","dateIssuedDisp":"1993-","publisherPlace":"Erfurt ; Heidelberg ; Heidelberg ; Ubstadt-Weiher ; Basel","publisher":"Sutton Verlag GmbH ; Guderjahn ; Verl. Regionalkultur"}],"type":{"bibl":"serial"},"dispAlt":"Stadtarchiv Heidelberg: Schriftenreihe des Stadtarchivs Heidelberg","titleAlt":[{"title":"Schriftenreihe des Stadtarchivs Heidelberg / Sonderveröffentlichung"},{"title":"Sonderveröffentlichungen"},{"title":"Schriftenreihe des Stadtarchivs Heidelberg / Sonderveröffentlichungen"}],"corporate":[{"display":"Stadtarchiv Heidelberg","role":"aut"}],"pubHistory":["1.1993 -"]}],"part":{"year":"1996","text":"(1996), Seite 96-107","extent":"12","pages":"96-107"},"language":["ger"],"disp":"Neue Brunnen in HeidelbergHeidelberger Altstadtbrunnen","type":{"bibl":"edited-book"},"origin":[{"publisherPlace":"Heidelberg","dateIssuedDisp":"1996","dateIssuedKey":"1996","publisher":"Guderjahn"}],"person":[{"given":"Gertrud P.","display":"Fels, Gertrud P.","role":"oth","family":"Fels"}],"physDesc":[{"noteIll":"Ill.","extent":"109 S."}],"name":{"displayForm":["mit Beitr. von Gertrud P. Fels ..."]}}],"person":[{"display":"Riedl, Peter Anselm","given":"Peter Anselm","role":"aut","family":"Riedl"}]} 
SRT |a RIEDLPETERNEUEBRUNNE1996